| 000 | 01458cam a22003857a 4500 | ||
|---|---|---|---|
| 003 | CHAP | ||
| 005 | 20220329142108.0 | ||
| 008 | 990621d1995 mx rs o00110 spa d | ||
| 010 | _a78351 | ||
| 011 | _a79323 | ||
| 020 | _a9701308212 | ||
| 035 | _a89539 | ||
| 040 | _cCHAP | ||
| 082 | 0 | 4 |
_a317.2 _bI6 Son. |
| 110 | 2 |
_aInstituto Nacional de Estadística, Geografía e Informática. México _959304 |
|
| 245 | 1 | 0 |
_aImágenes económicas : _bSonora _c/por Instituto Nacional de Estadística, Geografía e Informática |
| 260 |
_aAguascalientes, Ags. : _bInstituto Nacional de Estadística, Geografía e Informática, _c1995. |
||
| 300 |
_a90 p. : _bgráfs. ; cuadros |
||
| 590 |
_aBATCH-UPD _b10 _c20130110 _lUCH01 _h0118 |
||
| 590 |
_aBATCH-UPD _b10 _c20130110 _lUCH01 _h1607 |
||
| 590 |
_aBATCH-UPD _b10 _c20130409 _lUCH01 _h2111 |
||
| 590 |
_aBATCH-UPD _b10 _c20130410 _lUCH01 _h1003 |
||
| 590 |
_aBATCH-UPD _b10 _c20130914 _lUCH01 _h1014 |
||
| 590 |
_aCONVERSION _b10 _c20130109 _lUCH01 _h1343 |
||
| 650 | 1 | 4 |
_aComercio _xEstadísticas _zSonora. _925600 |
| 650 | 1 | 4 |
_aIndustria _xEstadísticas _zSonora. _957731 |
| 650 | 1 | 4 |
_aSonora _xCondiciones económicas. _9108580 |
| 650 | 1 | 4 |
_aSonora _xEstadísticas. _9108585 |
| 650 | 1 | 4 |
_aTrabajo y trabajadores _xEstadísticas. _9114522 |
| 790 | 0 | _aCensos económicos, 1994 | |
| 901 | _aBK | ||
| 905 | _aLilia Sánchez G. | ||
| 942 | _cLIBRO | ||
| 949 |
_a317.2 I6 Son. _bBC _cINEGI _d33724000722187 _eINEGI _h95062 _i89539 _sb |
||
| 999 |
_c78351 _d78351 |
||